Masa y poder. Obra completa I

Gardado en:
Detalles Bibliográficos
Autor Principal: Canetti, Elias (autor)
Formato: Libro
Idioma:Lingua castelá
Publicado: Barcelona Debolsillo 2005
Edición:1a. ed
Series:Contemporánea, 385
Subjects:
Tags: Engadir etiqueta
Sen Etiquetas, Sexa o primeiro en etiquetar este rexistro!

MARC

LEADER 00000nam a2200000 a 4500
001 UCJ2217
003 CL-VaPUC
008 061201e20050000SP |||||||||||||||||spa|d
020 |a 8497936779 
082 0 4 |a 340.01  |b CAN  |2 21 
100 |a Canetti, Elias  |e autor  |9 522188 
245 1 0 |a Masa y poder. Obra completa I 
250 |a 1a. ed 
300 |a 737 p 
942 |c BK 
945 |d 20061201 00:00:00  |a jtorresc 
260 |a Barcelona  |b Debolsillo  |c 2005 
650 0 |a Filosofía del derecho   |9 255050 
650 0 |a Sociología del derecho  |9 254890 
650 7 |a PODER  |2 CL-VaPUC  |9 503147 
583 |a last modification  |c 20061201 00:00:00  |k Rodrigo Vera 
490 0 |a Contemporánea, 385 
999 |c 318567  |d 318565 
952 |0 0  |1 0  |4 0  |6 340_010000000000000_CAN_2005  |7 0  |8 A  |9 396419  |a BIBART  |b BIBART  |d 2019-11-22  |i 4259750  |o 340.01 CAN 2005  |p 4259750  |r 2025-03-13  |w 2019-11-22  |y BK  |k ART